000 00856nam a2200241 a 4500
001 000032204
005 20240410103208.0
008 110713s1973 sp ad r 000 | spa d
020 _a8430903968
040 _aDO-SdBNP
_bspa
_cBNPHU
082 _a972.93054
_bM843p
100 1 _aMoreno, José A.
_958279
245 1 3 _aEl pueblo en armas :
_brevolución en Santo Domingo /
_cJosé A. Moreno.
260 _aMadrid :
_bTecnos,
_c1973.
300 _a199 p. :
_bil., diagr. ;
_c24 cm.
490 1 _aCiencias sociales. Sociología
500 _aIncluye referencias bibliográficas y notas al pie de las páginas.
504 _aBibliografía : p. 197-199
590 _aInventariado, 2019/MFF
651 0 _aRepública Dominicana --
_xHistoria --
_y1961-
_96572
830 0 _aCiencias sociales. Sociología
_932431
910 _aValidado. Control de calidad. MFF
999 _c31695
_d31695